| 000 | 00704cam a2200241Ia 4500 | ||
|---|---|---|---|
| 008 | |||
| 020 | _a9781444100884 (pbk.) | ||
| 049 | _aMAIN | ||
| 090 |
_aBF637.C6 _bMIL |
||
| 100 | 1 | _aMilne, Aileen. | |
| 245 | 1 | 0 |
_aUnderstand counselling / _cAileen Milne. |
| 260 |
_aNew York : _bTeach Yourself ; _bMcGraw-Hill, _c2010. |
||
| 300 |
_axx, 347 p. ; _c20 cm. |
||
| 490 | 1 | _aTeach yourself. | |
| 500 | _aIncludes index. | ||
| 504 | _aIncludes bibliographical references. | ||
| 650 | 0 |
_aCounseling _xVocational guidance. |
|
| 907 |
_a.b1030888x _b10-10-18 _c22-02-12 |
||
| 003 | |||
| 005 | 20230123125411.0 | ||
| 040 | _cNUST | ||
| 942 |
_cBOOKS _kBF637.C6 _mMIL |
||
| 999 |
_c140858 _d140858 |
||